[Event "FIN-ch 2019"]
[Site "Helsinki"]
[Date "2019.06.14"]
[Round "5.3"]
[White "Koykka, Pekka"]
[Black "Norri, Joose"]
[Result "1-0"]
[WhiteElo "2399"]
[BlackElo "2271"]
[Annotator "ChessBase"]
[PlyCount "75"]
[EventDate "2019.06.10"]
[EventType "swiss"]
[EventCountry "FIN"]
[SourceTitle "playchess.com"]
[Source "ChessBase"]
[SourceQuality "1"]
[TimeControl "40/5400+30:1800+30"]

1. d4 {[%emt 0:00:19]} d5 {[%emt 0:02:28]} 2. c4 {[%emt 0:00:08]} c6 {[%emt 0:05:07]} 3. Nf3 {[%emt 0:00:09]} Nf6 {[%emt 0:00:08]} 4. Qb3 {[%emt 0:00:19]} e6 {[%emt 0:03:04]} 5. Bg5 {[%emt 0:00:09]} Nbd7 {[%emt 0:10:26]} 6. Nc3 {[%emt 0:00:33]} Be7 {[%emt 0:02:12]} 7. e3 {[%emt 0:01:19]} O-O {[%emt 0:00:42]} 8. Bd3 {[%emt 0:03:41]} dxc4 {[%emt 0:04:24]} 9. Qxc4 {[%emt 0:07:58]} c5 {[%emt 0:08:19]} 10. dxc5 {[%emt 0:15:09]} Bxc5 {[%emt 0:13:11]} 11. Qh4 {[%emt 0:14:35]} Qb6 {[%emt 0:03:41]} 12. O-O-O {[%emt 0:04:49]} Qb4 {[%emt 0:08:40]} 13. Bf4 {[%emt 0:23:15]} a6 {[%emt 0:07:09]} 14. Bc2 {[%emt 0:07:13]} Re8 {[%emt 0:04:48]} 15. Nd2 {[%emt 0:09:19]} Be7 {[%emt 0:04:46]} 16. a3 {[%emt 0:04:39]} Qc5 {[%emt 0:00:18]} 17. Nb3 {[%emt 0:00:21]} Qb6 {[%emt 0:03:33]} 18. Qg3 {[%emt 0:02:23]} Nh5 {[%emt 0:07:52]} 19. Qh3 {[%emt 0:00:29]} g6 {[%emt 0:00:45]} 20. Bh6 {[%emt 0:00:57]} Nc5 {[%emt 0:02:27]} 21. Nd2 {[%emt 0:01:04]} Bf6 {[%emt 0:02:15]} 22. e4 {[%emt 0:00:49]} Qc7 {[%emt 0:01:14]} 23. Qe3 {[%emt 0:00:31]} b5 {[%emt 0:00:55]} 24. g4 {[%emt 0:00:29]} Ng7 {[%emt 0:00:12]} 25. f4 {[%emt 0:00:24]} Bb7 {[%emt 0:00:36]} 26. h4 {[%emt 0:01:08]} Qb6 {[%emt 0:00:39]} 27. Rh3 {[%emt 0:00:18]} b4 {[%emt 0:00:13]} 28. Nc4 {[%emt 0:00:29]} Qc7 {[%emt 0:00:29]} 29. axb4 {[%emt 0:00:18]} Nd7 {[%emt 0:01:28]} 30. Nd6 {[%emt 0:00:21]} Reb8 {[%emt 0:00:49]} 31. e5 {[%emt 0:00:50]} Be7 {[%emt 0:00:01]} 32. h5 {[%emt 0:00:19]} Bc6 {[%emt 0:01:06]} 33. hxg6 {[%emt 0:00:09]} fxg6 {[%emt 0:00:13]} 34. Bxg7 {[%emt 0:00:23]} Kxg7 {[%emt 0:00:01]} 35. f5 {[%emt 0:00:13]} Kg8 {[%emt 0:00:24]} 36. Qh6 {[%emt 0:01:11]} Nf8 {[%emt 0:00:20]} 37. fxg6 {[%emt 0:00:35]} Bxd6 {[%emt 0:00:46]} 38. gxh7+ {[%emt 0:00:24]} 1-0

[Event "FIN-ch 2019"]
[Site "Helsinki"]
[Date "2019.06.14"]
[Round "5.4"]
[White "Luukkonen, Tommi"]
[Black "Hokkanen, Petri"]
[Result "0-1"]
[WhiteElo "2330"]
[BlackElo "2199"]
[Annotator "NA"]
[PlyCount "90"]
[EventDate "2019.06.10"]
[EventType "swiss"]
[EventCountry "FIN"]
[SourceTitle "playchess.com"]
[Source "ChessBase"]
[SourceQuality "1"]
[TimeControl "40/5400+30:1800+30"]

1. e4 {[%emt 1:30:30]} c6 {[%emt 1:30:30]} 2. Nc3 {[%emt 0:00:30]} d5 {[%emt 0:00:30]} 3. Nf3 {[%emt 0:00:30]} Bg4 {[%emt 0:00:30]} 4. h3 {[%emt 0:00:30]} Bxf3 {[%emt 0:00:30]} 5. Qxf3 {[%emt 0:00:30]} e6 {[%emt 0:00:30]} 6. d3 {[%emt 0:00:30]} Nd7 {[%emt 0:00:30]} 7. Bd2 {[%emt 0:00:30]} Ngf6 {[%emt 0:00:30]} 8. g4 {[%emt 0:00:30]} h6 {[%emt 0:00:30]} 9. h4 {[%emt 0:00:30]} Qb6 {[%emt 0:00:30]} 10. O-O-O {[%emt 0:00:30]} Ne5 {[%emt 0:00:30]} 11. Qg3 {[%emt 0:00:30]} Nexg4 {[%emt 0:00:30]} 12. exd5 {[%emt 0:00:30]} Nxf2 {[%emt 0:00:30]} 13. Bh3 {[%emt 0:00:30]} Nxh1 {[%emt 0:00:30]} 14. Rxh1 {[%emt 0:00:30]} cxd5 {[%emt 0:00:30]} 15. Be3 {[%emt 0:00:30]} Qd6 {[%emt 0:00:30]} 16. Bf4 {[%emt 0:00:30]} Qc6 {[%emt 0:00:30]} 17. Qf2 {[%emt 0:00:30]} Bc5 {[%emt 0:00:30]} 18. Qe2 {[%emt 0:00:30]} O-O-O {[%emt 0:00:30]} 19. d4 {[%emt 0:00:30]} Bd6 {[%emt 0:00:30]} 20. Be3 {[%emt 0:00:30]} a6 {[%emt 0:00:30]} 21. Rg1 {[%emt 0:00:30]} Rhg8 {[%emt 0:00:30]} 22. Bg2 {[%emt 0:00:30]} Kb8 {[%emt 0:00:30]} 23. Rf1 {[%emt 0:00:30]} Qc4 {[%emt 0:00:30]} 24. Qd1 {[%emt 0:00:30]} Bb4 {[%emt 0:00:30]} 25. Bf4+ {[%emt 0:00:30]} Ka7 {[%emt 0:00:30]} 26. Rf3 {[%emt 0:00:30]} Rc8 {[%emt 0:00:30]} 27. Bf1 {[%emt 0:00:30]} Qc6 {[%emt 0:00:30]} 28. Be5 {[%emt 0:00:30]} Nd7 {[%emt 0:00:30]} 29. Bg3 {[%emt 0:00:30]} Nb6 {[%emt 0:00:30]} 30. Ne2 {[%emt 0:00:30]} f5 {[%emt 0:00:30]} 31. h5 {[%emt 0:00:30]} Nc4 {[%emt 0:00:30]} 32. Rd3 {[%emt 0:00:30]} Qa4 {[%emt 0:00:30]} 33. Kb1 {[%emt 0:00:30]} Rc6 {[%emt 0:00:30]} 34. Nc1 {[%emt 0:00:30]} Rgc8 {[%emt 0:00:30]} 35. Nb3 {[%emt 0:00:30]} Ba3 {[%emt 0:00:30]} 36. bxa3 {[%emt 0:00:30]} Nxa3+ {[%emt 0:00:30]} 37. Ka1 {[%emt 0:00:30]} Nxc2+ {[%emt 0:00:30]} 38. Kb1 {[%emt 0:00:30]} Nb4 {[%emt 0:00:30]} 39. Rd2 {[%emt 0:00:30]} Rc2 {[%emt 0:00:30]} 40. Rxc2 {[%emt 0:00:30]} Rxc2 {[%emt 0:00:30]} 41. Qxc2 {[%emt 0:30:30]} Nxc2 {[%emt 0:30:30]} 42. Kxc2 {[%emt 0:00:30]} Qxa2+ {[%emt 0:00:30]} 43. Kc3 {[%emt 0:00:30]} a5 {[%emt 0:00:30]} 44. Be5 {[%emt 0:00:30]} a4 {[%emt 0:00:30]} 45. Nd2 {[%emt 0:00:30]} Qa1+ {[%emt 0:00:30]} 0-1

[Event "FIN-ch 2019"]
[Site "Helsinki"]
[Date "2019.06.14"]
[Round "5.5"]
[White "Agopov, Mikael"]
[Black "Jarvenpaa, Jari"]
[Result "1-0"]
[WhiteElo "2432"]
[BlackElo "2204"]
[Annotator "ChessBase"]
[PlyCount "47"]
[EventDate "2019.06.10"]
[EventType "swiss"]
[EventCountry "FIN"]
[SourceTitle "playchess.com"]
[Source "ChessBase"]
[SourceQuality "1"]
[TimeControl "40/5400+30:1800+30"]

1. e4 {[%emt 0:00:00]} c6 {[%emt 0:00:00]} 2. d4 {[%emt 0:00:00]} d5 {[%emt 0:00:11]} 3. e5 {[%emt 0:00:00]} c5 {[%emt 0:00:10]} 4. dxc5 {[%emt 0:00:00]} Nc6 {[%emt 0:00:04]} 5. Be3 {[%emt 0:00:40]} Nxe5 {[%emt 0:03:20]} 6. Bb5+ {[%emt 0:01:34]} Nc6 {[%emt 0:03:55]} 7. c4 {[%emt 0:01:38]} a6 {[%emt 0:13:31]} 8. Ba4 {[%emt 0:05:19]} Be6 {[%emt 0:12:36]} 9. Nf3 {[%emt 0:02:44]} dxc4 {[%emt 0:04:15]} 10. O-O {[%emt 0:03:12]} Qc7 {[%emt 0:04:18]} 11. Qe2 {[%emt 0:07:16]} Nf6 {[%emt 0:02:41]} 12. Nbd2 {[%emt 0:11:47]} c3 {[%emt 0:06:10]} 13. Nc4 {[%emt 0:05:40]} g6 {[%emt 0:10:27]} 14. Ng5 {[%emt 0:18:01]} Ng4 {[%emt 0:13:44]} 15. Nd6+ {[%emt 0:08:28]} exd6 {[%emt 0:00:26]} 16. Nxe6 {[%emt 0:00:02]} fxe6 {[%emt 0:00:42]} 17. Qxg4 {[%emt 0:00:04]} cxb2 {[%emt 0:02:56]} 18. Rab1 {[%emt 0:12:22]} O-O-O {[%emt 0:09:10]} 19. cxd6 {[%emt 0:07:29]} Bxd6 {[%emt 0:02:28]} 20. Rxb2 {[%emt 0:00:07]} Qg7 {[%emt 0:05:44]} 21. Qxe6+ {[%emt 0:02:21]} Qd7 {[%emt 0:00:33]} 22. Qc4 {[%emt 0:01:30]} Bc7 {[%emt 0:02:22]} 23. Rxb7 {[%emt 0:01:40]} Qd6 {[%emt 0:01:11]} 24. Rxc7+ {[%emt 0:00:25]} 1-0

[Event "FIN-ch 2019"]
[Site "Helsinki"]
[Date "2019.06.14"]
[Round "5.6"]
[White "Tiitta, Sauli"]
[Black "Lahdelma, Henri"]
[Result "1/2-1/2"]
[WhiteElo "2214"]
[BlackElo "2188"]
[Annotator "NA"]
[PlyCount "47"]
[EventDate "2019.06.10"]
[EventType "swiss"]
[EventCountry "FIN"]
[SourceTitle "playchess.com"]
[Source "ChessBase"]
[SourceQuality "1"]
[TimeControl "40/5400+30:1800+30"]

1. g4 {[%emt 1:30:30]} d5 {[%emt 1:30:30]} 2. c4 {[%emt 0:00:30]} dxc4 {[%emt 0:00:30]} 3. Bg2 {[%emt 0:00:30]} Nc6 {[%emt 0:00:30]} 4. h3 {[%emt 0:00:30]} e5 {[%emt 0:00:30]} 5. Bxc6+ {[%emt 0:00:30]} bxc6 {[%emt 0:00:30]} 6. Qa4 {[%emt 0:00:30]} Qd6 {[%emt 0:00:30]} 7. Nc3 {[%emt 0:00:30]} h5 {[%emt 0:00:30]} 8. g5 {[%emt 0:00:30]} Be6 {[%emt 0:00:30]} 9. Nf3 {[%emt 0:00:30]} Ne7 {[%emt 0:00:30]} 10. b3 {[%emt 0:00:30]} Bd7 {[%emt 0:00:30]} 11. bxc4 {[%emt 0:00:30]} Ng6 {[%emt 0:00:30]} 12. Qa5 {[%emt 0:00:30]} Qb4 {[%emt 0:00:30]} 13. Qa6 {[%emt 0:00:30]} Be7 {[%emt 0:00:30]} 14. Rb1 {[%emt 0:00:30]} Qd6 {[%emt 0:00:30]} 15. Ne4 {[%emt 0:00:30]} Qe6 {[%emt 0:00:30]} 16. d3 {[%emt 0:00:30]} O-O {[%emt 0:00:30]} 17. Kd1 {[%emt 0:00:30]} Bd6 {[%emt 0:00:30]} 18. Qa5 {[%emt 0:00:30]} Rfb8 {[%emt 0:00:30]} 19. Rxb8+ {[%emt 0:00:30]} Rxb8 {[%emt 0:00:30]} 20. Qxa7 {[%emt 0:00:30]} Qe8 {[%emt 0:00:30]} 21. c5 {[%emt 0:00:30]} Bf8 {[%emt 0:00:30]} 22. Qxc7 {[%emt 0:00:30]} Rc8 {[%emt 0:00:30]} 23. Qb7 {[%emt 0:00:30]} Rb8 {[%emt 0:00:30]} 24. Qc7 {[%emt 0:00:30]} 1/2-1/2

[Event "FIN-ch 2019"]
[Site "Helsinki"]
[Date "2019.06.14"]
[Round "5.7"]
[White "Ristoja, Samu"]
[Black "Lindholm, Jere"]
[Result "1-0"]
[WhiteElo "2197"]
[BlackElo "2145"]
[Annotator "ChessBase"]
[PlyCount "65"]
[EventDate "2019.06.10"]
[EventType "swiss"]
[EventCountry "FIN"]
[SourceTitle "playchess.com"]
[Source "ChessBase"]
[SourceQuality "1"]
[TimeControl "40/5400+30:1800+30"]

1. d4 {[%emt 0:00:00]} d5 {[%emt 0:00:02]} 2. Nf3 {[%emt 0:00:00]} Nf6 {[%emt 0:00:21]} 3. g3 {[%emt 0:00:09]} c6 {[%emt 0:05:35]} 4. Bg2 {[%emt 0:00:10]} Bf5 {[%emt 0:00:47]} 5. O-O {[%emt 0:00:16]} e6 {[%emt 0:00:58]} 6. c4 {[%emt 0:02:35]} Nbd7 {[%emt 0:05:25]} 7. b3 {[%emt 0:02:47]} Be7 {[%emt 0:02:11]} 8. Bb2 {[%emt 0:01:40]} h6 {[%emt 0:03:52]} 9. Nc3 {[%emt 0:06:17]} Ne4 {[%emt 0:06:17]} 10. Nd2 {[%emt 0:02:42]} Nxd2 {[%emt 0:03:42]} 11. Qxd2 {[%emt 0:00:11]} dxc4 {[%emt 0:00:45]} 12. bxc4 {[%emt 0:15:39]} Nb6 {[%emt 0:00:39]} 13. e4 {[%emt 0:00:48]} Bg4 {[%emt 0:05:31]} 14. Qd3 {[%emt 0:09:01]} Bf6 {[%emt 0:05:54]} 15. d5 {[%emt 0:17:55]} Qe7 {[%emt 0:03:33]} 16. d6 {[%emt 0:03:10]} Qd8 {[%emt 0:03:43]} 17. f4 {[%emt 0:06:48]} e5 {[%emt 0:28:40]} 18. f5 {[%emt 0:02:25]} Nd7 {[%emt 0:01:03]} 19. Bc1 {[%emt 0:14:05]} Nc5 {[%emt 0:02:31]} 20. Qe3 {[%emt 0:05:01]} Qxd6 {[%emt 0:00:08]} 21. Ba3 {[%emt 0:00:14]} b6 {[%emt 0:00:32]} 22. Rfe1 {[%emt 0:06:08]} Bg5 {[%emt 0:01:18]} 23. Qf2 {[%emt 0:00:04]} Qd2 {[%emt 0:06:16]} 24. Bxc5 {[%emt 0:00:11]} bxc5 {[%emt 0:00:07]} 25. Nb1 {[%emt 0:00:57]} Qxf2+ {[%emt 0:06:26]} 26. Kxf2 {[%emt 0:00:02]} Rb8 {[%emt 0:00:09]} 27. h3 {[%emt 0:00:28]} Rb2+ {[%emt 0:00:04]} 28. Kf1 {[%emt 0:00:24]} Bh5 {[%emt 0:00:05]} 29. g4 {[%emt 0:00:17]} Ke7 {[%emt 0:07:08]} 30. Re2 {[%emt 0:00:05]} Bc1 {[%emt 0:00:35]} 31. Nc3 {[%emt 0:00:13]} Bd2 {[%emt 0:00:36]} 32. Na4 {[%emt 0:01:13]} Rc2 {[%emt 0:00:14]} 33. Nxc5 {[%emt 0:01:31]} 1-0

[Event "FIN-ch 2019"]
[Site "Helsinki"]
[Date "2019.06.15"]
[Round "6.1"]
[White "Ronka, Erik"]
[Black "Keinanen, Toivo"]
[Result "1/2-1/2"]
[WhiteElo "2270"]
[BlackElo "2370"]
[Annotator "NA"]
[PlyCount "40"]
[EventDate "2019.06.10"]
[EventType "swiss"]
[EventCountry "FIN"]
[SourceTitle "playchess.com"]
[Source "ChessBase"]
[SourceQuality "1"]
[TimeControl "40/5400+30:1800+30"]

1. d4 {[%emt 0:00:00]} d5 {[%emt 0:00:00]} 2. c4 {[%emt 0:00:00]} e6 {[%emt 0:00:00]} 3. Nc3 {[%emt 0:00:00]} Be7 {[%emt 0:00:00]} 4. Nf3 {[%emt 0:00:00]} Nf6 {[%emt 0:00:18]} 5. Bg5 {[%emt 0:00:00]} h6 {[%emt 0:01:49]} 6. Bh4 {[%emt 0:00:00]} O-O {[%emt 0:00:10]} 7. e3 {[%emt 0:00:01]} b6 {[%emt 0:00:22]} 8. Be2 {[%emt 0:00:02]} Bb7 {[%emt 0:02:37]} 9. Bxf6 {[%emt 0:00:03]} Bxf6 {[%emt 0:00:04]} 10. cxd5 {[%emt 0:00:07]} exd5 {[%emt 0:00:51]} 11. O-O {[%emt 0:00:02]} Qd6 {[%emt 0:09:51]} 12. Rc1 {[%emt 0:04:24]} c6 {[%emt 0:02:26]} 13. a3 {[%emt 0:02:48]} Nd7 {[%emt 0:02:08]} 14. Re1 {[%emt 0:09:51]} Rfe8 {[%emt 0:03:47]} 15. Bf1 {[%emt 0:00:33]} c5 {[%emt 0:07:45]} 16. dxc5 {[%emt 0:00:32]} bxc5 {[%emt 0:00:37]} 17. Nb5 {[%emt 0:08:18]} Qb6 {[%emt 0:08:28]} 18. b4 {[%emt 0:00:04]} c4 {[%emt 0:06:44]} 19. Nc3 {[%emt 0:11:23]} Bxc3 {[%emt 0:07:48]} 20. Rxc3 {[%emt 0:00:02]} a5 {[%emt 0:00:03]} 1/2-1/2

[Event "FIN-ch 2019"]
[Site "Helsinki"]
[Date "2019.06.15"]
[Round "6.2"]
[White "Koykka, Pekka"]
[Black "Sipila, Vilka"]
[Result "1-0"]
[WhiteElo "2399"]
[BlackElo "2410"]
[Annotator "NA"]
[PlyCount "99"]
[EventDate "2019.06.10"]
[EventType "swiss"]
[EventCountry "FIN"]
[SourceTitle "playchess.com"]
[Source "ChessBase"]
[SourceQuality "1"]
[TimeControl "40/5400+30:1800+30"]

1. e4 {[%emt 0:00:00]} c5 {[%emt 0:00:14]} 2. Nf3 {[%emt 0:00:00]} Nc6 {[%emt 0:00:10]} 3. Nc3 {[%emt 0:00:03]} e5 {[%emt 0:02:03]} 4. Bc4 {[%emt 0:00:10]} d6 {[%emt 0:00:50]} 5. d3 {[%emt 0:00:08]} Be7 {[%emt 0:01:09]} 6. Nd2 {[%emt 0:00:19]} Nf6 {[%emt 0:03:25]} 7. Nf1 {[%emt 0:00:09]} Na5 {[%emt 0:00:40]} 8. Ne3 {[%emt 0:00:21]} O-O {[%emt 0:02:10]} 9. O-O {[%emt 0:00:41]} Kh8 {[%emt 0:02:01]} 10. a3 {[%emt 0:08:13]} Nxc4 {[%emt 0:00:48]} 11. dxc4 {[%emt 0:00:07]} Bd7 {[%emt 0:06:51]} 12. a4 {[%emt 0:12:08]} Ne8 {[%emt 0:05:24]} 13. Ncd5 {[%emt 0:08:07]} Bg5 {[%emt 0:00:56]} 14. Qd3 {[%emt 0:05:23]} Rc8 {[%emt 0:09:05]} 15. b3 {[%emt 0:01:11]} Nf6 {[%emt 0:06:35]} 16. Nc3 {[%emt 0:03:44]} Ne8 {[%emt 0:24:42]} 17. Ncd5 {[%emt 0:00:10]} Be6 {[%emt 0:04:04]} 18. Bb2 {[%emt 0:03:33]} Nc7 {[%emt 0:02:08]} 19. Rad1 {[%emt 0:14:01]} Nxd5 {[%emt 0:01:24]} 20. Nxd5 {[%emt 0:02:31]} a6 {[%emt 0:04:51]} 21. Qc3 {[%emt 0:12:59]} Bh6 {[%emt 0:04:51]} 22. f4 {[%emt 0:04:56]} Bg4 {[%emt 0:03:09]} 23. Rde1 {[%emt 0:00:57]} exf4 {[%emt 0:00:14]} 24. Rxf4 {[%emt 0:03:41]} Bh5 {[%emt 0:01:21]} 25. Ref1 {[%emt 0:03:21]} Kg8 {[%emt 0:03:17]} 26. Qg3 {[%emt 0:00:53]} Bg6 {[%emt 0:03:31]} 27. Rf6 {[%emt 0:00:44]} gxf6 {[%emt 0:02:55]} 28. Bxf6 {[%emt 0:00:32]} Qxf6 {[%emt 0:04:37]} 29. Nxf6+ {[%emt 0:03:23]} Kh8 {[%emt 0:00:01]} 30. h4 {[%emt 0:04:16]} Bg7 {[%emt 0:00:33]} 31. h5 {[%emt 0:04:25]} Bxf6 {[%emt 0:00:08]} 32. Rxf6 {[%emt 0:00:11]} Bxh5 {[%emt 0:00:03]} 33. Rxd6 {[%emt 0:00:19]} Bg6 {[%emt 0:00:40]} 34. Qe5+ {[%emt 0:00:48]} Kg8 {[%emt 0:00:03]} 35. Rd7 {[%emt 0:00:31]} b6 {[%emt 0:01:50]} 36. Re7 {[%emt 0:03:55]} Rc6 {[%emt 0:00:45]} 37. Qd5 {[%emt 0:00:40]} Rf6 {[%emt 0:00:31]} 38. a5 {[%emt 0:00:37]} bxa5 {[%emt 0:00:29]} 39. Qxc5 {[%emt 0:00:31]} Rd8 {[%emt 0:00:06]} 40. Kh2 {[%emt 0:00:44]} Rfd6 {[%emt 0:00:53]} 41. Qxa5 {[%emt 0:01:28]} Rd2 {[%emt 0:00:45]} 42. c5 {[%emt 0:13:06]} Kf8 {[%emt 0:00:14]} 43. Re5 {[%emt 0:00:28]} R8d4 {[%emt 0:01:00]} 44. Qc3 {[%emt 0:07:25]} Rd8 {[%emt 0:00:50]} 45. c6 {[%emt 0:00:22]} Rd1 {[%emt 0:00:47]} 46. c7 {[%emt 0:00:28]} Rc8 {[%emt 0:00:03]} 47. Qb4+ {[%emt 0:01:54]} Kg7 {[%emt 0:00:08]} 48. Qb7 {[%emt 0:00:36]} Rf8 {[%emt 0:00:19]} 49. c8=Q {[%emt 0:00:19]} Kh6 {[%emt 0:00:04]} 50. Qxf8# {[%emt 0:00:16]} 1-0

[Event "FIN-ch 2019"]
[Site "Helsinki"]
[Date "2019.06.15"]
[Round "6.3"]
[White "Agopov, Mikael"]
[Black "Nyysti, Sampsa"]
[Result "1/2-1/2"]
[WhiteElo "2432"]
[BlackElo "2320"]
[Annotator "NA"]
[PlyCount "110"]
[EventDate "2019.06.10"]
[EventType "swiss"]
[EventCountry "FIN"]
[SourceTitle "playchess.com"]
[Source "ChessBase"]
[SourceQuality "1"]
[TimeControl "40/5400+30:1800+30"]

1. e4 {[%emt 0:00:00]} e5 {[%emt 0:00:00]} 2. Nf3 {[%emt 0:00:00]} Nc6 {[%emt 0:00:00]} 3. Bb5 {[%emt 0:00:00]} a6 {[%emt 0:00:01]} 4. Ba4 {[%emt 0:00:00]} Nf6 {[%emt 0:00:21]} 5. O-O {[%emt 0:00:00]} Be7 {[%emt 0:00:08]} 6. d3 {[%emt 0:00:26]} b5 {[%emt 0:00:18]} 7. Bb3 {[%emt 0:00:03]} d6 {[%emt 0:00:14]} 8. a3 {[%emt 0:00:31]} O-O {[%emt 0:00:17]} 9. Nc3 {[%emt 0:00:03]} Bg4 {[%emt 0:01:18]} 10. Be3 {[%emt 0:00:52]} Nd4 {[%emt 0:00:34]} 11. Bxd4 {[%emt 0:00:07]} exd4 {[%emt 0:00:03]} 12. Nd5 {[%emt 0:00:08]} c5 {[%emt 0:03:23]} 13. h3 {[%emt 0:01:02]} Bd7 {[%emt 0:02:30]} 14. Qb1 {[%emt 0:19:03]} Re8 {[%emt 0:18:55]} 15. Nf4 {[%emt 0:12:52]} Bf8 {[%emt 0:03:46]} 16. Qa2 {[%emt 0:02:37]} Re7 {[%emt 0:00:25]} 17. Rae1 {[%emt 0:14:12]} Qe8 {[%emt 0:03:53]} 18. g4 {[%emt 0:02:34]} Qc8 {[%emt 0:21:11]} 19. e5 {[%emt 0:08:45]} dxe5 {[%emt 0:04:20]} 20. Nd5 {[%emt 0:21:58]} Bxg4 {[%emt 0:06:18]} 21. Nxe7+ {[%emt 0:02:22]} Bxe7 {[%emt 0:00:03]} 22. Bxf7+ {[%emt 0:01:08]} Kh8 {[%emt 0:00:08]} 23. Nxe5 {[%emt 0:00:19]} Bxh3 {[%emt 0:00:29]} 24. f3 {[%emt 0:03:57]} Bd6 {[%emt 0:12:20]} 25. Rf2 {[%emt 0:03:06]} c4 {[%emt 0:04:13]} 26. Bxc4 {[%emt 0:01:36]} Bxe5 {[%emt 0:00:13]} 27. Rxe5 {[%emt 0:00:02]} bxc4 {[%emt 0:00:30]} 28. Qxc4 {[%emt 0:00:13]} Qd7 {[%emt 0:03:13]} 29. Rfe2 {[%emt 0:00:48]} Qb7 {[%emt 0:03:41]} 30. Kf2 {[%emt 0:03:06]} Rf8 {[%emt 0:00:10]} 31. Qc5 {[%emt 0:00:52]} Qb8 {[%emt 0:03:51]} 32. Rg5 {[%emt 0:01:57]} Ng4+ {[%emt 0:02:32]} 33. Ke1 {[%emt 0:00:10]} Qg3+ {[%emt 0:00:34]} 34. Kd1 {[%emt 0:00:18]} Qxf3 {[%emt 0:01:45]} 35. Qxd4 {[%emt 0:00:19]} Nf6 {[%emt 0:00:56]} 36. Kd2 {[%emt 0:01:23]} Bg4 {[%emt 0:00:39]} 37. Re1 {[%emt 0:00:19]} h5 {[%emt 0:02:00]} 38. Kc1 {[%emt 0:00:37]} Rc8 {[%emt 0:00:45]} 39. Kb1 {[%emt 0:00:39]} Qc6 {[%emt 0:01:35]} 40. c4 {[%emt 0:00:51]} Qc7 {[%emt 0:01:08]} 41. Rge5 {[%emt 0:03:36]} Rd8 {[%emt 0:01:19]} 42. Qf4 {[%emt 0:00:34]} Qd6 {[%emt 0:01:11]} 43. R1e3 {[%emt 0:00:30]} Kg8 {[%emt 0:01:32]} 44. Qg5 {[%emt 0:06:38]} Nh7 {[%emt 0:12:54]} 45. Qh4 {[%emt 0:00:30]} Rb8 {[%emt 0:02:27]} 46. Ka2 {[%emt 0:07:37]} Nf6 {[%emt 0:00:25]} 47. Re7 {[%emt 0:00:53]} Qd4 {[%emt 0:02:09]} 48. Qf2 {[%emt 0:01:15]} Rd8 {[%emt 0:00:51]} 49. Qh4 {[%emt 0:03:19]} Rb8 {[%emt 0:00:51]} 50. Qf2 {[%emt 0:00:15]} Rd8 {[%emt 0:00:12]} 51. Qh4 {[%emt 0:00:03]} Qf4 {[%emt 0:00:41]} 52. R7e4 {[%emt 0:00:06]} Qf5 {[%emt 0:01:21]} 53. Re5 {[%emt 0:00:15]} Qf4 {[%emt 0:00:30]} 54. R5e4 {[%emt 0:00:14]} Qf5 {[%emt 0:00:25]} 55. Re5 {[%emt 0:00:08]} Qf4 {[%emt 0:00:24]} 1/2-1/2

[Event "FIN-ch 2019"]
[Site "Helsinki"]
[Date "2019.06.15"]
[Round "6.4"]
[White "Lahdelma, Henri"]
[Black "Hokkanen, Petri"]
[Result "1-0"]
[WhiteElo "2188"]
[BlackElo "2199"]
[Annotator "NA"]
[PlyCount "111"]
[EventDate "2019.06.10"]
[EventType "swiss"]
[EventCountry "FIN"]
[SourceTitle "playchess.com"]
[Source "ChessBase"]
[SourceQuality "1"]
[TimeControl "40/5400+30:1800+30"]

1. d4 d5 2. c4 e6 3. Nf3 Nf6 4. Nc3 Be7 5. Bf4 O-O 6. e3 b6 7. cxd5 Nxd5 8. Nxd5 Qxd5 9. Bxc7 Na6 {[%emt 1:34:30]} 10. Bg3 {[%emt 1:35:00]} Bb7 {[%emt 0:00:30]} 11. a3 {[%emt 0:00:30]} Qa5+ {[%emt 0:00:30]} 12. Nd2 {[%emt 0:00:30]} h5 {[%emt 0:00:30]} 13. h4 {[%emt 0:00:30]} Rac8 {[%emt 0:00:30]} 14. Bd3 {[%emt 0:00:30]} g6 {[%emt 0:00:30]} 15. O-O {[%emt 0:00:30]} Rfd8 {[%emt 0:00:30]} 16. b4 {[%emt 0:00:30]} Qd5 {[%emt 0:00:30]} 17. Be4 {[%emt 0:00:30]} Qd7 {[%emt 0:00:30]} 18. Bxb7 {[%emt 0:00:30]} Qxb7 {[%emt 0:00:30]} 19. Qb3 {[%emt 0:00:30]} Nc7 {[%emt 0:00:30]} 20. Rac1 {[%emt 0:00:30]} Nd5 {[%emt 0:00:30]} 21. Nc4 {[%emt 0:00:30]} Nf6 {[%emt 0:00:30]} 22. f3 {[%emt 0:00:30]} Qd5 {[%emt 0:00:30]} 23. Bf2 {[%emt 0:00:30]} Qb5 {[%emt 0:00:30]} 24. Ne5 {[%emt 0:00:30]} Nd5 {[%emt 0:00:30]} 25. Nd3 {[%emt 0:00:30]} a5 {[%emt 0:00:30]} 26. a4 {[%emt 0:00:30]} Qe8 {[%emt 0:00:30]} 27. b5 {[%emt 0:00:30]} Rxc1 {[%emt 0:00:30]} 28. Rxc1 {[%emt 0:00:30]} Rc8 {[%emt 0:00:30]} 29. Rc4 {[%emt 0:00:30]} Nb4 {[%emt 0:00:30]} 30. Nxb4 {[%emt 0:00:30]} Bxb4 {[%emt 0:00:30]} 31. e4 {[%emt 0:00:30]} Rd8 {[%emt 0:00:30]} 32. Qc2 {[%emt 0:00:30]} Qe7 {[%emt 0:00:30]} 33. Rc6 {[%emt 0:00:30]} Qf6 {[%emt 0:00:30]} 34. Qc4 {[%emt 0:00:30]} Qf4 {[%emt 0:00:30]} 35. Rxb6 {[%emt 0:00:30]} Bd6 {[%emt 0:00:30]} 36. Rc6 {[%emt 0:00:30]} Qh2+ {[%emt 0:00:30]} 37. Kf1 {[%emt 0:00:30]} Qh1+ {[%emt 0:00:30]} 38. Ke2 {[%emt 0:00:30]} Qxg2 {[%emt 0:00:30]} 39. e5 {[%emt 0:00:30]} Be7 {[%emt 0:00:30]} 40. Ke3 {[%emt 0:00:30]} g5 {[%emt 0:00:30]} 41. Rc8 {[%emt 0:30:30]} g4 {[%emt 0:30:30]} 42. Rxd8+ {[%emt 0:00:30]} Bxd8 {[%emt 0:00:30]} 43. fxg4 {[%emt 0:00:30]} hxg4 {[%emt 0:00:30]} 44. Qc6 {[%emt 0:00:30]} Qh3+ {[%emt 0:00:30]} 45. Ke2 {[%emt 0:00:30]} Kg7 {[%emt 0:00:30]} 46. Qa8 {[%emt 0:00:30]} Bxh4 {[%emt 0:00:30]} 47. Bxh4 {[%emt 0:00:30]} Qxh4 {[%emt 0:00:30]} 48. Qg2 {[%emt 0:00:30]} g3 {[%emt 0:00:30]} 49. Ke3 {[%emt 0:00:30]} f5 {[%emt 0:00:30]} 50. exf6+ {[%emt 0:00:30]} Kxf6 {[%emt 0:00:30]} 51. b6 {[%emt 0:00:30]} Qg5+ {[%emt 0:00:30]} 52. Ke2 {[%emt 0:00:30]} Ke7 {[%emt 0:00:30]} 53. b7 {[%emt 0:00:30]} Qg8 {[%emt 0:00:30]} 54. Qc6 {[%emt 0:00:30]} g2 {[%emt 0:00:30]} 55. Qc7+ {[%emt 0:00:30]} Kf6 {[%emt 0:00:30]} 56. b8=Q {[%emt 0:00:30]} 1-0